<?xml version="1.0" encoding="UTF-8"?>
<record
    xmlns:xsi="http://www.w3.org/2001/XMLSchema-instance"
    xsi:schemaLocation="http://www.loc.gov/MARC21/slim http://www.loc.gov/standards/marcxml/schema/MARC21slim.xsd"
    xmlns="http://www.loc.gov/MARC21/slim">

  <leader>00754nam a22002057a 4500</leader>
  <controlfield tag="005">20150917113329.0</controlfield>
  <controlfield tag="008">150917b        mx||||| |||| 00| 0 spad</controlfield>
  <datafield tag="020" ind1=" " ind2=" ">
    <subfield code="a">9789681685430 (empastada)</subfield>
  </datafield>
  <datafield tag="020" ind1=" " ind2=" ">
    <subfield code="a">9789681685423 (rustica)</subfield>
  </datafield>
  <datafield tag="050" ind1="0" ind2="4">
    <subfield code="a">PQ7298.22.I47</subfield>
    <subfield code="b">T43 2008</subfield>
  </datafield>
  <datafield tag="100" ind1="1" ind2=" ">
    <subfield code="a">Liera, &#xD3;scar</subfield>
  </datafield>
  <datafield tag="245" ind1="1" ind2="0">
    <subfield code="a">Teatro escogido /</subfield>
    <subfield code="c">Oscar Liera ; pr&#xF3;logo de Armando Partida Tayzan </subfield>
  </datafield>
  <datafield tag="250" ind1=" " ind2=" ">
    <subfield code="a">1a ed.</subfield>
  </datafield>
  <datafield tag="260" ind1=" " ind2=" ">
    <subfield code="a">M&#xE9;xico :</subfield>
    <subfield code="b">Fondo de Cultura Econ&#xF3;mica : Fondo Regional para la Cultura y las Artes del Noroeste : Gobierno del Estado de Baja California : DIFOCUR,   </subfield>
    <subfield code="c">2008</subfield>
  </datafield>
  <datafield tag="300" ind1=" " ind2=" ">
    <subfield code="a">501 p. ; </subfield>
    <subfield code="c">23 cm.</subfield>
  </datafield>
  <datafield tag="440" ind1=" " ind2="0">
    <subfield code="a">Letras Mexicanas </subfield>
  </datafield>
  <datafield tag="650" ind1=" " ind2="4">
    <subfield code="a">Teatro Mexicano</subfield>
    <subfield code="x">Obras </subfield>
  </datafield>
  <datafield tag="700" ind1="1" ind2=" ">
    <subfield code="a">Partida Tayzan, Armando,</subfield>
    <subfield code="q">prolog.</subfield>
  </datafield>
  <datafield tag="942" ind1=" " ind2=" ">
    <subfield code="2">lcc</subfield>
    <subfield code="c">LIB</subfield>
  </datafield>
  <datafield tag="999" ind1=" " ind2=" ">
    <subfield code="c">100730</subfield>
    <subfield code="d">100730</subfield>
  </datafield>
  <datafield tag="952" ind1=" " ind2=" ">
    <subfield code="1">0</subfield>
    <subfield code="2">lcc</subfield>
    <subfield code="4">0</subfield>
    <subfield code="7">0</subfield>
    <subfield code="a">LIC-046</subfield>
    <subfield code="b">LIC-046</subfield>
    <subfield code="c">GENERAL</subfield>
    <subfield code="d">2015-09-17</subfield>
    <subfield code="f">1a ed.</subfield>
    <subfield code="h">LLH000006939</subfield>
    <subfield code="k">EH</subfield>
    <subfield code="o">PQ7298.22 .I47 T43 2008</subfield>
    <subfield code="p">LLH000006939</subfield>
    <subfield code="r">2015-09-17 00:00:00</subfield>
    <subfield code="t">C:1</subfield>
    <subfield code="y">LIB</subfield>
    <subfield code="z">General</subfield>
  </datafield>
  <datafield tag="952" ind1=" " ind2=" ">
    <subfield code="1">0</subfield>
    <subfield code="2">lcc</subfield>
    <subfield code="4">0</subfield>
    <subfield code="7">0</subfield>
    <subfield code="a">LIC-046</subfield>
    <subfield code="b">LIC-046</subfield>
    <subfield code="c">GENERAL</subfield>
    <subfield code="d">2015-09-17</subfield>
    <subfield code="f">1a ed.</subfield>
    <subfield code="h">LLH000006940</subfield>
    <subfield code="k">EH</subfield>
    <subfield code="o">PQ7298.22.I47 T43 2008</subfield>
    <subfield code="p">LLH000006940</subfield>
    <subfield code="r">2015-09-17 00:00:00</subfield>
    <subfield code="t">C:2</subfield>
    <subfield code="y">LIB</subfield>
    <subfield code="z">General</subfield>
  </datafield>
  <datafield tag="952" ind1=" " ind2=" ">
    <subfield code="1">0</subfield>
    <subfield code="2">lcc</subfield>
    <subfield code="4">0</subfield>
    <subfield code="7">0</subfield>
    <subfield code="a">LIC-046</subfield>
    <subfield code="b">LIC-046</subfield>
    <subfield code="c">GENERAL</subfield>
    <subfield code="d">2015-09-17</subfield>
    <subfield code="f">1a ed.</subfield>
    <subfield code="h">LLH000006941</subfield>
    <subfield code="k">EH</subfield>
    <subfield code="o">PQ7298.22.I47 T43 2008</subfield>
    <subfield code="p">LLH000006941</subfield>
    <subfield code="r">2015-09-17 00:00:00</subfield>
    <subfield code="t">C:3</subfield>
    <subfield code="y">LIB</subfield>
    <subfield code="z">General</subfield>
  </datafield>
  <datafield tag="952" ind1=" " ind2=" ">
    <subfield code="1">0</subfield>
    <subfield code="2">lcc</subfield>
    <subfield code="4">0</subfield>
    <subfield code="7">0</subfield>
    <subfield code="a">LIC-046</subfield>
    <subfield code="b">LIC-046</subfield>
    <subfield code="c">GENERAL</subfield>
    <subfield code="d">2015-09-17</subfield>
    <subfield code="f">1a ed.</subfield>
    <subfield code="h">LLH000006942</subfield>
    <subfield code="k">EH</subfield>
    <subfield code="o">PQ7298.22.I47 T43 2008</subfield>
    <subfield code="p">LLH000006942</subfield>
    <subfield code="r">2015-09-17 00:00:00</subfield>
    <subfield code="t">C:4</subfield>
    <subfield code="y">LIB</subfield>
    <subfield code="z">General</subfield>
  </datafield>
</record>
